Royal Botanical Park ; (Record no. 7861)

MARC details
000 -LEADER
fixed length control field 00360nam a22001217a 4500
008 - FIXED-LENGTH DATA ELEMENTS--GENERAL INFORMATION
fixed length control field 190418b ||||| |||| 00| 0 eng d
082 ## - DEWEY DECIMAL CLASSIFICATION NUMBER
Classification number 583.66 T88r 2014
100 ## - MAIN ENTRY--PERSONAL NAME
Personal name Tshering, Karma
245 ## - TITLE STATEMENT
Title Royal Botanical Park ;
Remainder of title Eco-adventures.
260 ## - PUBLICATION, DISTRIBUTION, ETC.
Place of publication, distribution, etc. Thimphu ;
Name of publisher, distributor, etc. Nature Recreation and Ecotourism Division,
Date of publication, distribution, etc. 2013.
300 ## - PHYSICAL DESCRIPTION
Extent 80 p.
Other physical details ill.
Dimensions 18 cm.
942 ## - Added entry Elements (Koha)
Source of classification or shelving scheme Dewey Decimal Classification
Holdings
Withdrawn status Lost status Source of classification or shelving scheme Damaged status Not for loan Collection code Home library Current library Shelving location Date acquired Cost, normal purchase price Total Checkouts Total Renewals Full call number Barcode Date last seen Date last checked out Price effective from Koha item type
    Dewey Decimal Classification     Main TEST RTC Library RTC Library Main opac 18/04/2019 13679.00 2 2 583.66 ROY 30011476 13/05/2021 22/03/2021 18/04/2019 Main
Royal Thimphu College || All Right Reserved